[Event "Cto. Navarra Absoluto Individual 2019"]
[Site "Pamplona"]
[Date "2019.04.21"]
[Round "7"]
[White "Aldave Aguado, Adrian"]
[Black "Malon Insausti, Andres"]
[Result "1/2-1/2"]
[EventDate "2019.04.??"]
[EventCountry "ESP"]
[EventType "swiss"]
[EventRounds "7"]
[WhiteElo "1945"]
[BlackElo "1854"]
[Source "FNA"]
[SourceDate "2019.04.21"]
[SourceTitle "FNA"]

1.d4 Nf6 2.c4 c5 3.d5 b5 4.cxb5 a6 5.bxa6 g6 6.Nc3 Bg7 7.g3 O-O 8.Bg2 d6 9.Nh3
Bxa6 10.O-O Nbd7 11.Rb1 Qa5 12.Qc2 Nb6 13.Bd2 Nc4 14.Be1 Qc7 15.a4 Qb7 16.Qc1
Na5 17.b4 cxb4 18.Nb5 Rfc8 19.Qd1 Rc4 20.Bxb4 Bxb5 21.axb5 Qxb5 22.Bxd6 Qe8
23.Bxe7 Qxe7 24.d6 Qa7 25.Bxa8 Qxa8 26.Rc1 Nd7 27.Rxc4 Nxc4 28.Nf4 Bf8 29.Qd5
Qxd5 30.Nxd5 Nxd6 31.Rd1 Kg7 32.Kg2 Nf6 33.f3 Nc4 34.Kh1 Nxd5 35.Rxd5 Ne3
1/2-1/2

[Event "Cto. Navarra Absoluto Individual 2019"]
[Site "Pamplona"]
[Date "2019.04.21"]
[Round "7"]
[White "Habans Aguerrea, Javier"]
[Black "Ortin Blanco, Ainhoa"]
[Result "0-1"]
[EventDate "2019.04.??"]
[EventCountry "ESP"]
[EventType "swiss"]
[EventRounds "7"]
[WhiteElo "2057"]
[BlackElo "1861"]
[Source "FNA"]
[SourceDate "2019.04.21"]
[SourceTitle "FNA"]

1.d4 e6 2.g3 d5 3.Nf3 c5 4.c4 Nc6 5.cxd5 exd5 6.Bg2 h6 7.O-O Nf6 8.Nc3 Be7 9.a3
cxd4 10.Nxd4 O-O 11.b4 a6 12.Nxc6 bxc6 13.Bf4 Bf5 14.Qd4 Rc8 15.Na4 Nd7 16.Rac1
a5 17.b5 Bf6 18.Qd2 cxb5 19.Qxd5 bxa4 20.Qxf5 Rxc1 21.Rxc1 g6 22.Qb5 Nb8 23.Qxa4
g5 24.Be3 Be5 25.Qb5 Qd6 26.Qb1 Qf6 27.Qb5 Bb2 28.Rd1 Bxa3 29.Bd4 Qe7 30.Be5 Qc5
31.Qb3 Qxe5 32.Qxa3 Qxe2 33.Qd6 Qe6 34.Qc7 a4 35.Qc3 Nd7 36.Qb4 Nf6 37.Qxa4 Kg7
38.Qb4 Re8 39.h4 g4 40.Rb1 Qf5 41.Qb2 Rc8 42.Re1 Rc2 43.Qd4 Qc5 44.Qf4 Qc7
45.Qf5 Rc5 46.Qd3 Rc3 47.Qd1 Qc5 48.Kf1 Rc2 49.Qxc2 Qxc2 50.Kg1 Qd2 51.Re5 Qd4
52.Rf5 Qd7 53.Rf4 Kg6 54.Kh2 Qd2 55.Kg1 Qe1 56.Kh2 Qe5 57.Bf1 Qd6 58.Bg2 Qd7
59.Bh1 h5 60.Bg2 Kg7 61.Bh1 Nh7 62.Be4 Qe7 63.Bd5 Nf6 64.Bg2 Qe5 65.Ra4 Ne8
66.Re4 Qb8 67.Rf4 Nd6 68.Bd5 Qb2 69.Kg2 Qe5 70.Ba8 Qc5 71.Kh2 Nf5 72.Be4 Nd4
73.Kg2 f5 74.Ba8 Kf6 75.Bb7 Ke5 76.Ba8 Qa7 77.Rxd4 Qxa8 0-1

[Event "Cto. Navarra Absoluto Individual 2019"]
[Site "Pamplona"]
[Date "2019.04.21"]
[Round "7"]
[White "Ruiz Escobar, Rafael"]
[Black "Roldan Marques, Daniel"]
[Result "0-1"]
[EventDate "2019.04.??"]
[EventCountry "ESP"]
[EventType "swiss"]
[EventRounds "7"]
[WhiteElo "1921"]
[BlackElo "2171"]
[Source "FNA"]
[SourceDate "2019.04.21"]
[SourceTitle "FNA"]

1.d4 d5 2.c4 e6 3.Nf3 c6 4.Nbd2 b5 5.cxb5 cxb5 6.g3 Bb7 7.Bg2 Nf6 8.O-O Be7
9.Qb3 Qb6 10.Ne5 O-O 11.Ndf3 Ne4 12.Be3 Nd6 13.a4 bxa4 14.Qxa4 Ba6 15.Rfe1 Bb5
16.Qc2 Rc8 17.Qb1 Nf5 18.Bd2 Nxd4 19.Nxd4 Qxd4 20.Bc3 Qb6 21.Nxf7 Kxf7 22.Qxh7
Rxc3 23.bxc3 Nd7 24.Qh5 Kg8 25.Bxd5 Rb8 26.Ba2 Bc5 27.e3 Qc6 28.Rab1 Qe4 29.c4
Bc6 30.Rxb8 Nxb8 31.f3 Bxe3 32.Kg2 Qc2 33.Kh3 Bd2 34.Bb1 Qxc4 35.Qh7 Kf8 36.Qh8
Kf7 37.Qh5 Ke7 38.Rd1 Bc3 39.Ba2 Qxa2 40.Qc5 Kf7 41.Qxc3 Qe2 42.Rd4 Qf1 43.Kh4
Qb5 44.Rf4 Kg8 45.Rg4 Qb7 46.Qe5 Qe7 47.Kh3 Nd7 48.Qc3 Bd5 49.Rf4 Qc5 50.Qb2 a6
51.Rg4 Qf8 52.Qc3 Qf6 53.Qc8 Nf8 54.Rf4 Qe7 55.Qxa6 e5 56.Qe2 Be6 57.Rg4 Bxg4
58.fxg4 e4 59.Kg2 Qe6 60.h4 Qd5 61.Kf2 Nd7 62.g5 Ne5 63.h5 Qd4 64.Kg2 Nc4 65.Kh3
Qd7 66.Kh4 Nd6 67.Qa2 Kh8 68.g4 Qe7 69.Qa8 Ne8 70.Qd5 e3 71.Qf5 Kg8 72.h6 e2 0-1

[Event "Cto. Navarra Absoluto Individual 2019"]
[Site "Pamplona"]
[Date "2019.04.21"]
[Round "7"]
[White "Pascual Garcia, Martin"]
[Black "Huarte Zozaya, Aitor"]
[Result "0-1"]
[EventDate "2019.04.??"]
[EventCountry "ESP"]
[EventType "swiss"]
[EventRounds "7"]
[WhiteElo "1727"]
[BlackElo "2031"]
[Source "FNA"]
[SourceDate "2019.04.21"]
[SourceTitle "FNA"]

1.c4 Nf6 2.Nc3 c6 3.e4 d6 4.Nf3 g6 5.g3 Bg7 6.Bg2 O-O 7.O-O Nbd7 8.d4 Qc7 9.b3
a6 10.Bb2 b5 11.cxb5 axb5 12.d5 b4 13.Ne2 Nc5 14.Qd4 Ba6 15.Qe3 Ng4 16.Qd2 Nxe4
17.Qc2 Bxb2 18.Qxb2 Nc3 0-1

[Event "Cto. Navarra Absoluto Individual 2019"]
[Site "Pamplona"]
[Date "2019.04.21"]
[Round "7"]
[White "Roldan Marques, Marta"]
[Black "Sola Plaza, Gregorio"]
[Result "1/2-1/2"]
[EventDate "2019.04.??"]
[EventCountry "ESP"]
[EventType "swiss"]
[EventRounds "7"]
[WhiteElo "1808"]
[BlackElo "1806"]
[Source "FNA"]
[SourceDate "2019.04.21"]
[SourceTitle "FNA"]

1.e4 c5 2.Nc3 Nc6 3.g3 g6 4.Bg2 Bg7 5.d3 d6 6.Bd2 Rb8 7.Qc1 Bd7 8.Nce2 b5 9.f4
a5 10.Nf3 Nf6 11.O-O c4 12.Nh4 cxd3 13.cxd3 Rc8 14.Qe1 Qb6 15.Kh1 b4 16.h3 e5
17.f5 O-O 18.g4 Rfd8 19.Bg5 Rf8 20.Qd2 b3 21.a3 Na7 22.Nc3 Bc6 23.a4 Qb7 24.Rf2
Nd7 25.f6 Bh8 26.Raf1 Nc5 27.Nf5 Rfd8 28.Bh6 Bxf6 29.Nxd6 1/2-1/2

[Event "Cto. Navarra Absoluto Individual 2019"]
[Site "Pamplona"]
[Date "2019.04.21"]
[Round "7"]
[White "Cemborain Oricain, Alfonso"]
[Black "Roviralta Montero, Axel"]
[Result "0-1"]
[EventDate "2019.04.??"]
[EventCountry "ESP"]
[EventType "swiss"]
[EventRounds "7"]
[WhiteElo "1930"]
[BlackElo "1771"]
[Source "FNA"]
[SourceDate "2019.04.21"]
[SourceTitle "FNA"]

1.e4 e6 2.d3 b5 3.Nf3 Bb7 4.g3 d5 5.Nbd2 c5 6.Bg2 dxe4 7.dxe4 Nf6 8.Qe2 Qb6
9.O-O c4 10.a4 a6 11.axb5 axb5 12.Rxa8 Bxa8 13.e5 Nd5 14.Ng5 Nd7 15.Re1 Be7
16.Nh3 O-O 17.Nf3 Rd8 18.Bg5 h6 19.Bxe7 Nxe7 20.Nf4 g5 21.Nh5 Ng6 22.Nf6 Nxf6
23.exf6 Bxf3 24.Qxf3 Rd2 25.Re2 Rxe2 26.Qxe2 Qd4 27.c3 Qxf6 28.Bc6 Qf5 29.Kg2
Qc5 30.Be4 f5 31.Bb7 Qb6 32.Ba8 Kf7 33.Qh5 Qd8 34.Bc6 Qc8 35.Bf3 g4 36.Be2 Qa8
37.Kg1 Qa1 38.Bf1 Kg7 39.h3 Ne5 40.hxg4 Nxg4 41.Qe8 Qa7 42.Kh1 Nxf2 43.Kg1 Ne4
44.Kh1 Nxg3 45.Kg2 Nxf1 46.Kxf1 Qa1 47.Ke2 Qxb2 48.Kd1 Qb1 49.Kd2 Qd3 0-1

[Event "Cto. Navarra Absoluto Individual 2019"]
[Site "Pamplona"]
[Date "2019.04.21"]
[Round "7"]
[White "Leone Amigot, Haymar"]
[Black "Oroz Carrasco, Adrian"]
[Result "0-1"]
[EventDate "2019.04.??"]
[EventCountry "ESP"]
[EventType "swiss"]
[EventRounds "7"]
[WhiteElo "1497"]
[BlackElo "1506"]
[Source "FNA"]
[SourceDate "2019.04.21"]
[SourceTitle "FNA"]

1.e4 c5 2.Nf3 d6 3.d4 cxd4 4.Nxd4 a6 5.Nc3 Nf6 6.Be2 b5 7.a3 e5 8.Nb3 Be7 9.Bf3
Be6 10.Be3 Nbd7 11.Nc1 Nb6 12.b3 Qc7 13.N1e2 O-O 14.a4 b4 15.Na2 a5 16.Ng3 Rfd8
17.Qe2 Nfd7 18.Rc1 Nxa4 19.c4 Nac5 20.O-O Nxb3 21.Rc2 Nbc5 22.Nc1 a4 23.Rb2 b3
24.Nf5 Bxf5 25.exf5 e4 26.Bxc5 exf3 27.Bxd6 fxe2 28.Bxc7 exf1=Q 29.Kxf1 Ba3
30.Rb1 Bxc1 31.Bxd8 b2 32.Bg5 Bxg5 33.Rxb2 a3 34.Ra2 Bc1 35.Rc2 a2 0-1

[Event "Cto. Navarra Absoluto Individual 2019"]
[Site "Pamplona"]
[Date "2019.04.21"]
[Round "7"]
[White "Ramos Dominguez, Joaquin"]
[Black "Ayucar Nunez, Inigo"]
[Result "1-0"]
[EventDate "2019.04.??"]
[EventCountry "ESP"]
[EventType "swiss"]
[EventRounds "7"]
[WhiteElo "2116"]
[BlackElo "1248"]
[Source "FNA"]
[SourceDate "2019.04.21"]
[SourceTitle "FNA"]

1.e4 e6 2.d3 d5 3.Nd2 c5 4.Ngf3 Nc6 5.g3 Nf6 6.Bg2 Bd6 7.O-O d4 8.Nc4 Bc7 9.e5
Nd5 10.a4 Bd7 11.Re1 a6 12.Ng5 Bc8 13.Qh5 g6 14.Qh6 Qe7 15.Nxh7 Rg8 16.Bxd5 exd5
17.Bg5 Qxg5 18.Qxg5 Bd8 19.Nd6 Kd7 20.Qf4 Rg7 21.e6 fxe6 22.Nf8 Ke7 23.Nxc8 1-0

[Event "Cto. Navarra Absoluto Individual 2019"]
[Site "Pamplona"]
[Date "2019.04.21"]
[Round "7"]
[White "Fuertes Cirauqui, Pablo"]
[Black "Abrisqueta Zudaire, Leyre"]
[Result "0-1"]
[EventDate "2019.04.??"]
[EventCountry "ESP"]
[EventType "swiss"]
[EventRounds "7"]
[WhiteElo "1811"]
[BlackElo "2023"]
[Source "FNA"]
[SourceDate "2019.04.21"]
[SourceTitle "FNA"]

1.e4 c5 2.Nc3 Nc6 3.g3 Nf6 4.Bg2 e6 5.d3 Be7 6.f4 d5 7.e5 Ng8 8.Nf3 h5 9.O-O Nh6
10.Kh1 Nf5 11.Ne2 b6 12.d4 Ba6 13.c3 Qd7 14.Re1 f6 15.Bh3 fxe5 16.Bxf5 exf5
17.Nxe5 Nxe5 18.fxe5 h4 19.Kg2 g5 20.Ng1 O-O-O 21.dxc5 bxc5 22.b4 hxg3 23.hxg3
g4 24.Bf4 d4 25.cxd4 Qd5 26.Kf2 Rh2 27.Ke3 cxd4 28.Qxd4 Qxd4 0-1

[Event "Cto. Navarra Absoluto Individual 2019"]
[Site "Pamplona"]
[Date "2019.04.21"]
[Round "7"]
[White "Abrisqueta Zudaire, Ines"]
[Black "Del Carmen Hernandez, Aimer"]
[Result "0-1"]
[EventDate "2019.04.??"]
[EventCountry "ESP"]
[EventType "swiss"]
[EventRounds "7"]
[WhiteElo "1371"]
[BlackElo "1895"]
[Source "FNA"]
[SourceDate "2019.04.21"]
[SourceTitle "FNA"]

1.d4 Nf6 2.Nf3 c5 3.e3 d5 4.c3 e6 5.Bd3 Nc6 6.Nbd2 Be7 7.O-O O-O 8.Bc2 Nd7 9.e4
cxd4 10.cxd4 dxe4 11.Nxe4 Nf6 12.Bf4 b6 13.Qd2 Bb7 14.Rad1 Rc8 15.Nxf6 Bxf6
16.Be4 Qe7 17.Qe3 Rfd8 18.Rd2 Nb4 19.a3 Nd5 20.Bxd5 Bxd5 21.Ne5 h5 22.h3 Qb7
23.Qg3 Kh7 24.Bg5 Bxg2 25.Re1 Bxe5 26.dxe5 Rxd2 27.Bxd2 Be4 28.Qh4 Bg6 29.Bc3
Qd5 30.Qa4 Qd3 31.Re3 Qb1 32.Re1 Qf5 33.Qxa7 Qxh3 34.Qxb6 Rc4 35.Re3 Rg4 36.Rg3
Rxg3 37.fxg3 Qxg3 38.Kf1 Bd3 0-1

[Event "Cto. Navarra Absoluto Individual 2019"]
[Site "Pamplona"]
[Date "2019.04.21"]
[Round "7"]
[White "Oyaga Valencia, Jesus Maria"]
[Black "Santos Usua, Mikel"]
[Result "0-1"]
[EventDate "2019.04.??"]
[EventCountry "ESP"]
[EventType "swiss"]
[EventRounds "7"]
[WhiteElo "1650"]
[BlackElo "1580"]
[Source "FNA"]
[SourceDate "2019.04.21"]
[SourceTitle "FNA"]

1.d4 d5 2.c4 e6 3.Nc3 c6 4.cxd5 exd5 5.Nf3 Bd6 6.e3 Nf6 7.Bd3 Qe7 8.O-O O-O 9.a3
Bg4 10.b4 Ne4 11.Bb2 a6 12.Be2 Nxc3 13.Bxc3 Nd7 14.Nd2 Bxe2 15.Qxe2 f5 16.Qf3
Rf6 17.Rfe1 Rh6 18.g3 Qg5 19.Qg2 Re8 20.f4 Qh5 21.h4 Rhe6 22.Kf2 Nf6 23.Nf1 Ne4
0-1

[Event "Cto. Navarra Absoluto Individual 2019"]
[Site "Pamplona"]
[Date "2019.04.21"]
[Round "7"]
[White "Garisoain Ardanaz, Alvaro"]
[Black "Zaratiegui Cardesa, Jose"]
[Result "1-0"]
[EventDate "2019.04.??"]
[EventCountry "ESP"]
[EventType "swiss"]
[EventRounds "7"]
[WhiteElo "1688"]
[BlackElo "1731"]
[Source "FNA"]
[SourceDate "2019.04.21"]
[SourceTitle "FNA"]

1.d4 Nf6 2.Nf3 g6 3.g3 b6 4.Bg2 Bb7 5.O-O Bg7 6.c4 O-O 7.Nc3 d5 8.b3 Nbd7 9.Bf4
c5 10.e3 dxc4 11.bxc4 cxd4 12.exd4 Rc8 13.Qe2 Ba6 14.Nb5 Bxb5 15.cxb5 Nd5 16.Bd2
Rc2 17.Qe4 Rxd2 18.Nxd2 N7f6 19.Qc2 Qd7 20.Rac1 Bh6 21.Qb2 Bxd2 22.Qxd2 Qxb5
23.Rc2 e6 24.Rfc1 Kg7 25.Qg5 h6 26.Qe5 Kh7 27.h4 Nd7 28.Qd6 Kg7 29.Bf1 Qa4
30.Rc4 Qxa2 31.Qxd7 a5 32.Bg2 Nf6 33.Qb5 Rb8 34.Qe5 b5 35.R4c2 Qa3 36.Qxb8 1-0

[Event "Cto. Navarra Absoluto Individual 2019"]
[Site "Pamplona"]
[Date "2019.04.21"]
[Round "7"]
[White "Garraza Obaldia, Esteban"]
[Black "Martinez Zazo, Jesus"]
[Result "1-0"]
[EventDate "2019.04.??"]
[EventCountry "ESP"]
[EventType "swiss"]
[EventRounds "7"]
[WhiteElo "1803"]
[BlackElo "1680"]
[Source "FNA"]
[SourceDate "2019.04.21"]
[SourceTitle "FNA"]

1.e4 g6 2.d4 Bg7 3.Nf3 c5 4.Nc3 Nc6 5.Be3 cxd4 6.Nxd4 Nf6 7.Bc4 a6 8.Bb3 O-O
9.f3 b5 10.Nxc6 dxc6 11.e5 Qxd1 12.Rxd1 Ne8 13.f4 Bf5 14.Bc5 Nc7 15.Bxe7 Rfe8
16.Bd6 Rac8 17.O-O a5 18.a4 b4 19.Ne2 Bg4 20.Rd2 Na6 21.Bc4 Bxe2 22.Bxe2 Nc7
23.Bg4 Ne6 24.Rfd1 Bf8 25.Kf2 Rcd8 26.Bxe6 Rxe6 27.Bxf8 Rxd2 28.Rxd2 Kxf8 29.Rd8
Ke7 30.Ra8 f6 31.Rxa5 Kd8 32.Kf3 h5 33.Rc5 Kc7 34.exf6 Rxf6 35.Rc4 g5 36.Rxb4 g4
37.Ke3 Kd6 38.Re4 c5 39.Re5 Rh6 40.Rg5 Re6 41.Kd3 c4 42.Kd2 Re4 43.g3 c3 44.Kxc3
1-0

[Event "Cto. Navarra Absoluto Individual 2019"]
[Site "Pamplona"]
[Date "2019.04.21"]
[Round "7"]
[White "Diaz Redondo, Isidro"]
[Black "Iturralde Olcoz, Sergio"]
[Result "0-1"]
[EventDate "2019.04.??"]
[EventCountry "ESP"]
[EventType "swiss"]
[EventRounds "7"]
[WhiteElo "1456"]
[BlackElo "1531"]
[Source "FNA"]
[SourceDate "2019.04.21"]
[SourceTitle "FNA"]

1.d4 Nf6 2.Nf3 g6 3.c3 d6 4.h3 Bg7 5.Bf4 O-O 6.Qd2 Nbd7 7.Bh6 c5 8.Bxg7 Kxg7
9.e3 b6 10.d5 Bb7 11.c4 b5 12.b3 b4 13.Qb2 Kg8 14.Nbd2 e6 15.dxe6 fxe6 16.Be2
Qe7 17.O-O a5 18.a4 Nb6 19.Rae1 e5 20.Nh2 Rf7 21.f3 Nh5 22.Rf2 Qg5 23.Ng4 Raf8
24.Nf1 Nf6 25.Qd2 h5 26.Nxf6 Rxf6 27.e4 Qh4 28.Bd3 g5 29.Ne3 Bc8 30.Nf5 Bxf5
31.exf5 Nc8 32.Be4 Ne7 33.Kh2 g4 34.fxg4 hxg4 35.Re3 Kf7 36.Rg3 gxh3 37.Bd5 Ke8
38.Rxh3 Qg4 39.Qd3 Nxf5 40.Bc6 Kd8 41.Rh7 Ne7 42.Rxf6 Rxf6 43.Rh8 Kc7 0-1

[Event "Cto. Navarra por equipos - Division Hono"]
[Site "?"]
[Date "2017.10.14"]
[Round "1"]
[White "Burguete Archel, Eduardo"]
[Black "Zamarbide Inarrea, Daniel"]
[Result "1/2-1/2"]
[WhiteElo "2207"]
[BlackElo "2178"]

1.d4 Nf6 2.Nf3 c5 3.d5 g6 4.c4 Bg7 5.Nc3 O-O 6.e4 d6 7.h3 e5 8.Bd3 Nh5 9.O-O Nf4
10.Re1 Nxd3 11.Qxd3 f5 12.Rb1 f4 13.a3 a6 14.b4 Nd7 15.Qc2 b6 16.Na4 g5 17.bxc5
bxc5 18.Bd2 Rf7 19.Rb3 h5 20.Nh2 Ra7 21.Qd1 Nf6 22.Nb6 g4 23.Nxc8 Qxc8 24.Qc2
Rab7 25.Reb1 Rxb3 26.Rxb3 Rb7 27.Rxb7 Qxb7 28.Be1 Bf8 29.Ba5 gxh3 30.gxh3 Qg7
31.Kh1 Qg6 32.f3 Qg3 33.Qg2 Be7 34.Qxg3 fxg3 35.Nf1 h4 36.Ne3 Nh5 37.Nf5 Bg5
38.Bc7 Nf4 39.Bxd6 Nxh3 40.Bxe5 Nf2 41.Kg2 Nd3 42.Bd6 Kf7 43.Nxg3 hxg3 44.Kxg3
Be7 45.Bc7 Ke8 46.f4 Nb2 47.e5 Nxc4 48.f5 Ne3 49.d6 Bg5 50.Bb6 Nc4 51.Kg4 Be3
52.e6 Nxd6 53.f6 Bd4 54.f7 Ke7 55.Kg5 Nxf7 56.exf7 Kxf7 57.Kf5 Ke7 58.a4 Kd6
59.Ke4 Bf6 60.Ba7 Kc6 61.Kd3 Kd5 62.Bb6 c4 63.Kc2 Kc6 64.Ba5 Kc5 65.Be1 Bd4
66.Ba5 Kd5 67.Be1 Bc5 68.Ba5 Ba3 69.Kc3 Kc5 70.Bd8 Bb4 71.Kc2 Be1 72.Be7 Kb6
73.Bd8 Kc6 74.Bf6 Bb4 75.Bd8 Kd5 76.Bf6 Ba5 77.Bg7 Bc7 78.Bc3 Kc5 79.Be1 Bf4
80.Ba5 Be3 81.Bc3 Bd4 82.Ba5 Kc6 83.Be1 Kb6 84.Bd2 a5 85.Bg5 Be5 86.Be7 Bd4
87.Kd2 Kc6 88.Kc2 Bc5 89.Bd8 Bb4 90.Bf6 Kd5 91.Bg7 Be1 92.Bf6 Ke4 93.Bd8 Bb4
94.Bf6 1/2-1/2

[Event "Cto. Navarra por equipos - Division Hono"]
[Site "?"]
[Date "2017.10.14"]
[Round "1"]
[White "Cortes Bueno, Jesus Javier"]
[Black "Argandona Salinas, Gorka"]
[Result "1/2-1/2"]
[WhiteElo "2191"]
[BlackElo "2090"]

1.e4 e6 2.d4 d5 3.Nc3 dxe4 4.Nxe4 Nf6 5.Bg5 Be7 6.Bxf6 gxf6 7.Nf3 a6 8.g3 b5
9.Bg2 Bb7 10.Qe2 Nd7 11.Rd1 Bd5 12.Ned2 O-O 13.O-O c6 14.Rfe1 f5 15.Ne5 Nxe5
16.dxe5 Bxg2 17.Kxg2 Qc7 18.Qh5 Rad8 19.Nf3 Kg7 20.Ng5 Bxg5 21.Qxg5 Kh8 22.Qf6
Kg8 23.Kh3 Rd5 24.Rxd5 cxd5 1/2-1/2

[Event "Cto. Navarra por equipos - Division Hono"]
[Site "?"]
[Date "2017.10.14"]
[Round "1"]
[White "Leranoz Zabalza, Adrian"]
[Black "Vila Dupla, Aurelio"]
[Result "1/2-1/2"]
[WhiteElo "2067"]
[BlackElo "2139"]

1.e4 c5 2.a3 d6 3.b4 cxb4 4.axb4 Nf6 5.Nc3 g6 6.Nge2 Bg7 7.Rb1 O-O 8.g3 d5
9.exd5 Nxd5 10.Bg2 Nxc3 11.Nxc3 Bxc3 12.dxc3 Qxd1 13.Kxd1 Bg4 14.f3 Rd8 15.Bd2
Be6 16.Re1 Nd7 17.Kc1 Rac8 18.Bg5 Kf8 19.Kb2 Nb6 20.Ra1 a6 21.Bf1 Nd5 22.Bd2 Nb6
23.Bg5 Rd7 24.Be3 Nc4 25.Bxc4 Bxc4 26.Bd4 Rd6 27.f4 Rcc6 28.Ra5 Bb5 29.Raa1 Re6
30.Rad1 Rxe1 31.Rxe1 Bc4 32.Bc5 Re6 33.Rxe6 Bxe6 34.Kc1 Ke8 35.Kd2 Kd7 36.Bb6
Kc6 37.Bd8 b6 38.Kd3 Kb5 39.Bxe7 a5 40.bxa5 bxa5 41.Kd4 a4 42.Bf8 Bc4 43.Be7 Be6
44.Bf8 h5 45.h4 Bf5 46.Be7 Bxc2 47.Bf8 Bb3 48.Be7 Be6 49.Bf8 Ba2 50.Be7 Kc6
51.Ba3 Bb3 52.Bb4 Kd7 53.Ke5 Kc6 54.Kd4 f6 55.Ba3 Kd7 56.Bb4 Ke6 57.Ba3 Kf5
58.Ke3 Bd5 59.Bb4 Kg4 60.Kf2 Bc4 61.Ba3 f5 62.Bb4 g5 63.hxg5 h4 64.gxh4 Kxf4
65.g6 Kg4 66.Be7 f4 67.g7 Bd5 68.Bd6 Bc4 69.h5 Kxh5 1/2-1/2

[Event "Cto. Navarra por equipos - Division Hono"]
[Site "?"]
[Date "2017.10.14"]
[Round "1"]
[White "Ugalde Ezcurra, Jose Miguel"]
[Black "Larrea Reta, JAvier"]
[Result "1-0"]
[WhiteElo "2119"]
[BlackElo "1853"]

1.e4 c5 2.Nf3 d6 3.Bc4 e6 4.O-O Nc6 5.c3 Nf6 6.d3 Be7 7.Bb3 O-O 8.Re1 e5 9.h3
Qc7 10.d4 cxd4 11.cxd4 a6 12.Nc3 b5 13.Bg5 Re8 14.Rc1 Qb6 15.Bxf6 gxf6 16.Nd5
Qb7 17.Rxc6 Qxc6 18.Nxe7 Rxe7 19.Bd5 Qe8 20.Bxa8 Bxh3 21.gxh3 Qxa8 22.Nh4 Kh8
23.Kh2 1-0

[Event "Cto. Navarra por equipos - Division Hono"]
[Site "?"]
[Date "2017.10.14"]
[Round "1"]
[White "Saenz Mur"]
[Black "Unanua Garcia"]
[Result "0-1"]
[WhiteElo "1832"]
[BlackElo "2005"]

1.d4 e6 2.c4 f5 3.Nc3 Nf6 4.a3 d5 5.Bg5 c6 6.e3 Bd6 7.Nf3 O-O 8.Bd3 b6 9.Ne2 Qe8
10.Bf4 Be7 11.O-O Ne4 12.Bxe4 fxe4 13.Ne5 Bb7 14.Rc1 Nd7 15.cxd5 Nxe5 16.Bxe5
exd5 17.Nf4 Qd7 18.Qh5 Rac8 19.Nh3 Qf5 20.Qxf5 Rxf5 21.f4 exf3 22.Rxf3 Rxf3
23.gxf3 c5 24.Nf4 Kf7 25.Kf2 c4 26.Rg1 g6 27.Rc1 b5 28.Ne2 a5 29.Nc3 b4 30.axb4
axb4 31.Nb5 Ra8 32.Kg3 Ra2 33.b3 cxb3 34.Nd6 Bxd6 35.Bxd6 b2 36.Rb1 Ba6 0-1

[Event "Cto. Navarra por equipos - Division Hono"]
[Site "?"]
[Date "2017.10.14"]
[Round "1"]
[White "Cloete, Herman Hubert"]
[Black "Garjon Modrego, Miguel"]
[Result "0-1"]
[WhiteElo "1656"]
[BlackElo "1895"]

1.d4 c6 2.Nf3 d5 3.g3 h6 4.Nbd2 Nf6 5.Bg2 Bf5 6.Nh4 Bh7 7.O-O e6 8.Nhf3 Bd6 9.c4
O-O 10.Qb3 Qb6 11.Qd1 Qd8 12.c5 Be7 13.Nb1 Nbd7 14.Bf4 Ne4 15.Nbd2 Nef6 16.Qb3
b6 17.cxb6 axb6 18.Rfc1 c5 19.dxc5 bxc5 20.h3 Nh5 21.Nf1 Nxf4 22.gxf4 Rb8 23.Qc3
Bf6 24.Ne5 d4 25.Qd2 Nxe5 26.fxe5 Bxe5 27.Rxc5 Bf6 28.Rd1 Qb6 29.Rdc1 Qxb2
30.Qxb2 Rxb2 31.a4 g5 32.Ng3 Bg6 33.a5 Ra2 34.e4 dxe3 35.fxe3 Kg7 36.e4 Bd4
37.Kh2 Bxc5 38.Rxc5 Ra8 39.Kg1 R8xa5 0-1

[Event "Cto. Navarra por equipos - Division Hono"]
[Site "?"]
[Date "2017.10.14"]
[Round "1"]
[White "Aguinaga Ruiz, Jesus Luis"]
[Black "Elia Aldave, Inigo"]
[Result "1-0"]
[WhiteElo "1894"]
[BlackElo "1643"]

1.d4 Nf6 2.Bf4 e6 3.e3 b6 4.Nf3 Bb7 5.Bd3 c5 6.c3 d5 7.Nbd2 Nc6 8.Ne5 Nd7 9.O-O
Ncxe5 10.dxe5 Be7 11.h3 g5 12.Bh2 h5 13.f4 Qc7 14.f5 O-O-O 15.fxe6 fxe6 16.Rf7
c4 17.Rxe7 cxd3 18.Nb3 Rde8 19.Rxe8 Rxe8 20.Qxh5 Rf8 21.Nd4 Nc5 22.Nb5 Qd7
23.Nd6 Kb8 24.Qxg5 Ne4 25.Qh6 Rg8 26.Rf1 Ba6 27.Rf8 Rxf8 28.Qxf8 Kc7 29.Qf3 d2
30.Qd1 Qd8 31.b4 Qf8 32.Nxe4 dxe4 33.Bf4 Qd8 34.Kf2 Qd3 35.a4 1-0

[Event "Cto. Navarra por equipos - Division Hono"]
[Site "?"]
[Date "2017.10.14"]
[Round "1"]
[White "Reinaldo Castineira, Roi"]
[Black "Garbisu de Goni, Unai"]
[Result "1-0"]
[WhiteElo "2496"]
[BlackElo "2411"]

1.d4 f5 2.c4 Nf6 3.Nc3 d6 4.Bg5 Nbd7 5.Qc2 g6 6.h4 Bg7 7.Nh3 e5 8.dxe5 Nxe5 9.h5
h6 10.Bxf6 Qxf6 11.Nd5 Qd8 12.hxg6 c6 13.Nc3 Nxg6 14.e3 Be6 15.Bd3 Qf6 16.Ne2
Qxb2 17.Qxb2 Bxb2 18.Rb1 Ne5 19.Bc2 Nxc4 20.Nhf4 Bf7 21.Bd3 Bf6 22.Rxb7 Na5
23.Rb4 O-O 24.Bxf5 Rfb8 25.Ra4 Nc4 26.Rxh6 Bg7 27.Bh7 Kf8 28.Ne6 Bxe6 29.Rxe6
Kf7 30.Nf4 Bc3 31.Ke2 Bb4 32.Bg6 Kg8 33.Re7 Ne5 34.Bh7 Kh8 35.Ng6 Nxg6 36.Bxg6
a5 37.a3 Bc3 38.Rg4 Rb2 39.Kd3 Bg7 40.Bf5 Rxf2 41.e4 1-0

[Event "Cto. Navarra por equipos - Division Hono"]
[Site "?"]
[Date "2017.10.14"]
[Round "1"]
[White "Ortega Lopez, Mikel"]
[Black "Jimenez Almeida, Luis David"]
[Result "0-1"]
[WhiteElo "2232"]
[BlackElo "2215"]

1.e4 e6 2.d4 d5 3.Nc3 Nf6 4.Bg5 dxe4 5.Nxe4 Be7 6.Bxf6 gxf6 7.g3 Bd7 8.d5 exd5
9.Qxd5 Bc6 10.Qxd8 Bxd8 11.f3 Nd7 12.Be2 Be7 13.O-O-O O-O-O 14.Nh3 Ne5 15.Rxd8
Bxd8 16.Re1 h5 17.Nd2 Bd7 18.Nf2 f5 19.Nd3 Nxd3 20.Bxd3 h4 21.Nc4 hxg3 22.hxg3
Rh3 23.Ne5 Be6 24.Nxf7 Bd7 25.Nxd8 Kxd8 26.Rg1 Ke7 27.Kd2 c5 28.Ke3 Kf6 29.Kf4
Rh2 30.Re1 Rd2 31.Re5 b6 32.Re2 Rd1 33.Rh2 c4 34.Be2 Rd2 35.c3 Rxb2 36.Rh6 Kg7
37.Rd6 Bb5 38.Rd5 Rxe2 39.Rxb5 Rxa2 40.Rb4 Ra5 41.Rxc4 Kf6 42.Rc6 Ke7 43.Kg5 Kd7
44.Rf6 Rc5 45.Rxf5 a5 46.g4 a4 47.Kg6 a3 48.Rf7 Ke8 49.Ra7 Ra5 50.Rh7 a2 51.Rh8
Ke7 52.Rh7 Ke6 53.Rh1 a1=Q 54.Rxa1 Rxa1 55.f4 Rg1 56.g5 Rf1 57.Kh7 Rxf4 58.c4
Rxc4 59.g6 Rg4 60.g7 b5 0-1

[Event "Cto. Navarra por equipos - Division Hono"]
[Site "?"]
[Date "2017.10.14"]
[Round "1"]
[White "Sanchez Carayol, Jesus Carlos"]
[Black "Rada Equiza, Miguel"]
[Result "0-1"]
[WhiteElo "2082"]
[BlackElo "2270"]

1.e4 e5 2.Nf3 Nc6 3.d4 exd4 4.c3 d5 5.exd5 Qxd5 6.cxd4 Bb4 7.Nc3 Bg4 8.Be2 Bxf3
9.Bxf3 Qc4 10.Bxc6 bxc6 11.Qe2 Qxe2 12.Kxe2 O-O-O 13.Be3 Bxc3 14.bxc3 Ne7
15.Rab1 Rhe8 16.Kf3 Rd6 17.Rb3 Nf5 18.Rhb1 Nh4 19.Kg3 Nf5 20.Kf3 Kd7 21.Bf4 Rf6
22.Rb7 Nd6 23.h4 h6 24.Kg4 Nxb7 25.Rxb7 Re2 26.Rxc7 Kd8 27.Rxa7 Rxf2 28.g3 Re2
29.h5 Re4 30.a4 g5 31.hxg6 fxg6 32.Kh3 g5 33.Be5 Rf1 34.Rg7 Rh1 35.Kg2 Rhe1
36.a5 Ke8 37.a6 g4 38.Rg8 Kf7 39.Rg7 Kf8 40.Rxg4 Rxg4 41.Kf3 Rg8 42.a7 Ra1
43.Bb8 Ke7 44.Ke4 Ke6 45.c4 Rg4 0-1

[Event "Cto. Navarra por equipos - Division Hono"]
[Site "?"]
[Date "2017.10.14"]
[Round "1"]
[White "Urriza Iricibar, Pablo"]
[Black "Zamarbide Inarrea, Borja"]
[Result "1-0"]
[WhiteElo "2217"]
[BlackElo "2048"]

1.d4 e6 2.e4 d5 3.Nd2 Nf6 4.e5 Nfd7 5.f4 c5 6.c3 Nc6 7.Ndf3 Qa5 8.Be3 cxd4
9.Nxd4 Qb6 10.Qd2 Bc5 11.Ngf3 f6 12.b4 Bxd4 13.Nxd4 Nxd4 14.Bxd4 Qc7 15.Be2 O-O
16.O-O Nb6 17.exf6 gxf6 18.Bd3 Bd7 19.Rf3 Rf7 20.Qf2 Nc4 21.Qh4 Raf8 22.Rg3 1-0